000 00254nam a2200085Ia 4500
008 220120s9999||||xx |||||||||||||| ||und||
100 _aNagaraj and others
_912545
245 0 _aJava to html converter
260 _aCoorg Institute of Technology
_bPonnampet
_c2002
999 _c138143
_d138143